000 00314nam a22001337a 4500
008 170905b xxu||||| |||| 00| 0 eng d
020 _a 2901412944570
041 _aeng
080 _a070
100 _a40
101 _aMED
245 _aINTRODUCING COMMUNICATION RESEARCH
_cTREADWELL,D
942 _2udc
_cBK
999 _c26168
_d26168